| 000 | 01058nam2a2200229 4500 | ||
|---|---|---|---|
| 001 | rc\2833168 | ||
| 005 | 20260315045327.0 | ||
| 035 | _a(NLR Aleph) 006991037 | ||
| 090 |
_a13572622 _c13572622 |
||
| 100 | _a20260315 rusy50 | ||
| 101 | 0 | _arus | |
| 102 | _aRU | ||
| 105 | _aa z ||||| | ||
| 200 | 0 | _aПисьма 7-10 | |
| 210 | _dБ. г. | ||
| 215 |
_a70 с. _cил. |
||
| 461 | 0 |
_1001rc\2833167 _12001#$aТехнология металлов$fИнж. С.И. Крестников$gИн-т заоч. техн. образ. при Всесоюз. совете науч.-техн. об-в ВМБИТ-ВЦСПС$vПисьма 7-10 _95626649 _aИнститут заочного повышения квалификации инженерно-технических работников (Москва) _c[Москва] _dБ. г. _fИнж. С.И. Крестников _nБ. и. _tТехнология металлов _vПисьма 7-10 |
|
| 801 | 0 |
_aRU _bNLR _gpsbo |
|
| 801 | 1 |
_aRU _bELAR _2rusmarc |
|
| 852 |
_aNLR _j32-17/556(7) |
||
| 942 | _cUNSPEC | ||
| 980 | _aNB | ||